[Event "Fagernes Chess International"]
[Site "Thon Hotell Fagernes"]
[Date "2016.03.20"]
[Round "9"]
[White "Vovk, Andrey"]
[Black "Houska, Jovanka"]
[Result "1/2-1/2"]
[WhiteElo "2638"]
[BlackElo "2387"]
[PlyCount "83"]
[EventDate "2016.??.??"]

1. e4 c6 2. d4 d5 3. Nc3 dxe4 4. Nxe4 Nf6 5. Nxf6+ exf6 6. c3 Bf5 7. Bf4 Bd6 8.
Bxd6 Qxd6 9. Bd3 Bxd3 10. Qxd3 O-O 11. Ne2 Na6 12. O-O Rfe8 13. Ng3 g6 14. Rfe1
Kg7 15. Rad1 Nc7 16. Qc4 Re6 17. Rxe6 Qxe6 18. Qb4 b5 19. Qa5 Nd5 20. a4 Nf4
21. axb5 Qd5 22. f3 Qb3 23. Rd2 Qe6 24. Ne4 f5 25. Qc7 fxe4 26. Qxf4 exf3 27.
Rf2 cxb5 28. Qxf3 Rd8 29. Re2 Qa2 30. h3 b4 31. Re7 Rd6 32. Qe2 Qa1+ 33. Qf1
Qa2 34. c4 Rf6 35. Qc1 a5 36. d5 a4 37. Kh2 Rf2 38. Qg5 Qxb2 39. d6 Rd2 40.
Rxf7+ Kxf7 41. Qe7+ Kg8 42. Qe8+ 1/2-1/2

[Event "Fagernes Chess International"]
[Site "Thon Hotell Fagernes"]
[Date "2016.03.20"]
[Round "9"]
[White "Christiansen, Johan-Sebastian"]
[Black "Romanov, Evgeny"]
[Result "1-0"]
[WhiteElo "2401"]
[BlackElo "2635"]
[PlyCount "55"]
[EventDate "2016.??.??"]

1. Nf3 Nf6 2. c4 b6 3. g3 Bb7 4. Bg2 g6 5. O-O Bg7 6. d4 O-O 7. d5 Ne4 8. Qc2
f5 9. Re1 c6 10. Ng5 cxd5 11. cxd5 Nd6 12. Nc3 Na6 13. e4 Rc8 14. e5 Nb5 15.
Qb3 Nxc3 16. d6+ e6 17. Nxe6 dxe6 18. Qxe6+ Kh8 19. Bxb7 Rb8 20. Bxa6 Ne4 21.
Qd5 b5 22. Be3 Re8 23. f4 Qa5 24. Bb7 Nxd6 25. exd6 Rxe3 26. Rxe3 Qb6 27. Rae1
Bd4 28. Kf1 1-0

[Event "Fagernes Chess International"]
[Site "Thon Hotell Fagernes"]
[Date "2016.03.20"]
[Round "9"]
[White "Meskovs, Nikita"]
[Black "Vovk, Yuri"]
[Result "1/2-1/2"]
[WhiteElo "2469"]
[BlackElo "2611"]
[PlyCount "167"]
[EventDate "2016.??.??"]

1. d4 Nf6 2. c4 e6 3. Nc3 Bb4 4. f3 c5 5. d5 O-O 6. e4 d6 7. Bd3 Nbd7 8. Nge2
Ne5 9. O-O h6 10. a3 Ba5 11. Rb1 Bd7 12. Bf4 a6 13. Kh1 Qc7 14. Bg3 exd5 15.
cxd5 Nh5 16. Bxe5 dxe5 17. b4 cxb4 18. axb4 Bb6 19. Qd2 Rac8 20. Rfc1 Qd6 21.
b5 a5 22. Na4 Rxc1+ 23. Rxc1 Bd8 24. Ra1 b6 25. Qe3 Qb4 26. Nec3 Kh7 27. g3 Bg5
28. Qxb6 Rc8 29. Rb1 Qa3 30. Qf2 Rxc3 31. Nxc3 Qxc3 32. Qc2 Qd4 33. b6 Be7 34.
b7 Bd6 35. b8=Q Bxb8 36. Rxb8 a4 37. Kg2 Nf6 38. Rb7 a3 39. Bc4 g5 40. Qd3 Qc5
41. Rb3 g4 42. f4 Ba4 43. Rxa3 Bc2 44. Qxc2 Qxa3 45. Bd3 Nd7 46. Be2 exf4 47.
gxf4 Qh3+ 48. Kh1 g3 49. e5+ Kh8 50. Bb5 Nc5 51. Qg2 Qh4 52. Qxg3 Qh5 53. Bf1
Qd1 54. Qg2 Nd3 55. Qe2 Qxe2 56. Bxe2 Nxf4 57. d6 Kg7 58. d7 Ne6 59. Bc4 Nd8
60. Kg2 Kf8 61. Bd5 Ke7 62. Kf3 Kxd7 63. Ke4 Nc6 64. Bxf7 Ke7 65. Bd5 Nb4 66.
h4 Kf8 67. h5 Kg7 68. Kd4 Kf8 69. Kc4 Nc2 70. Kd3 Nb4+ 71. Ke4 Kg7 72. Kd4 Kf8
73. e6 Ke7 74. Ke5 Nc2 75. Bc4 Ne3 76. Bb3 Ng2 77. Ba2 Ne3 78. Bb3 Ng2 79. Kf5
Nh4+ 80. Kg4 Ng2 81. Kg3 Ne3 82. Kf4 Ng2+ 83. Ke4 Nh4 84. Kf4 1/2-1/2

[Event "Fagernes Chess International"]
[Site "Thon Hotell Fagernes"]
[Date "2016.03.20"]
[Round "9"]
[White "Neiksans, Arturs"]
[Black "Urkedal, Frode Olav Olsen"]
[Result "0-1"]
[WhiteElo "2607"]
[BlackElo "2507"]
[PlyCount "86"]
[EventDate "2016.??.??"]

1. d4 Nf6 2. c4 e6 3. Nf3 b6 4. g3 Ba6 5. b3 d5 6. cxd5 exd5 7. Bg2 Bb4+ 8. Bd2
Be7 9. O-O O-O 10. Nc3 Bb7 11. Bc1 Nbd7 12. Bb2 Re8 13. Qc2 c6 14. Rac1 Rc8 15.
e3 Bd6 16. Rfd1 Qe7 17. Ne2 Ne4 18. Nf4 Ng5 19. Nd3 Nxf3+ 20. Bxf3 Rc7 21. Bg2
Nf6 22. Qe2 Ba6 23. Qe1 h5 24. Bc3 h4 25. Bb4 hxg3 26. hxg3 c5 27. dxc5 bxc5
28. Ba5 Rcc8 29. b4 Bxd3 30. bxc5 Bxg3 31. Rxd3 Bh4 32. Rc2 Rxc5 33. Rxc5 Qxc5
34. Qc3 Qb5 35. Rd4 Ne4 36. Bxe4 dxe4 37. a4 Qf5 38. Rd2 Re6 39. Kf1 Rg6 40.
Rc2 Qh3+ 41. Ke2 Qf3+ 42. Kd2 Rd6+ 43. Kc1 Rd1+ 0-1

[Event "Fagernes Chess International"]
[Site "Thon Hotell Fagernes"]
[Date "2016.03.20"]
[Round "9"]
[White "Hauge, Lars Oskar"]
[Black "Lie, Kjetil A"]
[Result "1/2-1/2"]
[WhiteElo "2393"]
[BlackElo "2535"]
[PlyCount "109"]
[EventDate "2016.??.??"]

1. d4 d6 2. e4 Nf6 3. Nc3 g6 4. f4 Bg7 5. Bd3 Nc6 6. e5 dxe5 7. fxe5 Nd5 8. Nf3
Bg4 9. Be4 e6 10. O-O Qd7 11. h3 Bxf3 12. Bxf3 Nde7 13. Ne2 Rd8 14. Be3 Nf5 15.
Bf2 Nfxd4 16. Nxd4 Nxd4 17. Bxb7 Qb5 18. Bxd4 Bxe5 19. c4 Qxc4 20. Bxe5 Qc5+
21. Bd4 Rxd4 22. Rc1 Qb6 23. Bc6+ Ke7 24. Qe1 Rd1+ 25. Qf2 Qxf2+ 26. Kxf2 Rd2+
27. Ke3 Rxb2 28. Rcd1 f5 29. Rd7+ Kf6 30. Rf2 Rhb8 31. Rxb2 Rxb2 32. a4 e5 33.
Rxh7 e4 34. g4 Ke5 35. gxf5 gxf5 36. Rh5 Rb3+ 37. Ke2 Rb2+ 38. Kd1 e3 39. Rh8
f4 40. Re8+ Kd4 41. h4 Rh2 42. Re4+ Kc5 43. Bb5 Rxh4 44. Be2 Rh1+ 45. Kc2 Rh2
46. Kd3 Rf2 47. Bg4 c6 48. Kc3 Kd5 49. Re8 Kc5 50. Re4 Kd5 51. Re8 Kc5 52. Re7
Rg2 53. Bd1 Rd2 54. Bb3 Re2 55. Bd1 1/2-1/2

[Event "Fagernes Chess International"]
[Site "Thon Hotell Fagernes"]
[Date "2016.03.20"]
[Round "9"]
[White "Haugli, Petter"]
[Black "Getz, Nicolai"]
[Result "1/2-1/2"]
[WhiteElo "2244"]
[BlackElo "2407"]
[PlyCount "146"]
[EventDate "2016.??.??"]

1. c4 e5 2. Nc3 Nf6 3. Nf3 Nc6 4. e4 d6 5. d4 Bg4 6. d5 Nd4 7. Be3 Nxf3+ 8.
gxf3 Bd7 9. Qd2 Nh5 10. O-O-O Be7 11. Rg1 O-O 12. Bd3 f5 13. Qc2 f4 14. Bd2 a5
15. Kb1 b6 16. Rc1 Rf6 17. Qd1 Rh6 18. Bf1 Nf6 19. Rh1 Rh4 20. Nb5 Bf8 21. b3
Ne8 22. Bg2 Qg5 23. Qf1 Qh5 24. h3 Be7 25. a3 Bd8 26. b4 axb4 27. axb4 h6 28.
Kb2 Kf7 29. Ra1 Rxa1 30. Kxa1 Qg6 31. Rh2 Nf6 32. Kb2 Nh7 33. Qa1 Ke7 34. Qa8
Bxb5 35. cxb5 Qe8 36. Qc6 Ng5 37. Qxe8+ Kxe8 38. Kc2 Nh7 39. Kd3 Rh5 40. Ke2
Nf8 41. Rh1 Rg5 42. Kf1 Ng6 43. Rg1 Rh5 44. Ke2 Rg5 45. Kf1 Nh4 46. Bh1 Rxg1+
47. Kxg1 Kf7 48. Kh2 Kg6 49. Bg2 Kh5 50. Kg1 Ng6 51. Kh2 Bh4 52. Be1 Nf8 53.
Kg1 Nh7 54. Kh2 Be7 55. Kg1 Kh4 56. Kh2 h5 57. Kg1 g5 58. Kh2 Nf6 59. Bh1 Bf8
60. Bg2 Bh6 61. Bh1 Ng8 62. Bg2 Ne7 63. Bf1 Ng8 64. Bg2 Bf8 65. Bd2 Nf6 66. Be1
Bg7 67. Bd2 Bh6 68. Be1 Ng8 69. Bf1 Ne7 70. Be2 Nc8 71. Bd1 Na7 72. Be2 Bf8 73.
Kg2 Nc8 1/2-1/2

[Event "Fagernes Chess International"]
[Site "Thon Hotell Fagernes"]
[Date "2016.03.20"]
[Round "9"]
[White "Haug, Johannes"]
[Black "Gandrud, Vegar Koi"]
[Result "0-1"]
[WhiteElo "2267"]
[BlackElo "2300"]
[PlyCount "104"]
[EventDate "2016.??.??"]

1. e4 c5 2. Nf3 d6 3. Bb5+ Nc6 4. O-O Bd7 5. Re1 a6 6. Bf1 Bg4 7. h3 Bxf3 8.
Qxf3 g6 9. c3 Bg7 10. d3 Nf6 11. Be3 Nd7 12. Nd2 O-O 13. Qd1 Rc8 14. Nf3 Nde5
15. Nh2 Nd7 16. Nf3 Nde5 17. Nh2 Nd7 18. Qd2 Qb6 19. g3 Rfe8 20. Bg2 e5 21. h4
Qd8 22. Bh3 Rb8 23. h5 Qe7 24. Kg2 Nd8 25. Rh1 Ne6 26. Nf3 b5 27. Rh2 c4 28.
Rah1 Ndc5 29. Bxe6 Nxe6 30. hxg6 hxg6 31. Ng5 cxd3 32. Nxe6 Qxe6 33. Bh6 Bf6
34. Bg5 Bg7 35. Bh6 Bf6 36. Bg5 Bg7 37. Qxd3 Qxa2 38. Qxd6 Qe6 39. Qd3 b4 40.
c4 b3 41. Rc1 Rec8 42. c5 Bf6 43. Be3 a5 44. Ra1 Rd8 45. Qc3 Qc6 46. f3 Qb5 47.
c6 Rbc8 48. Rxa5 Qe2+ 49. Kh3 Qxf3 50. Rd5 Rxd5 51. exd5 Qxd5 52. c7 Kg7 0-1

[Event "Fagernes Chess International"]
[Site "Thon Hotell Fagernes"]
[Date "2016.03.20"]
[Round "9"]
[White "Fossan, Andreas"]
[Black "Kaasen, Tor Fredrik"]
[Result "0-1"]
[WhiteElo "2069"]
[BlackElo "2209"]
[PlyCount "88"]
[EventDate "2016.??.??"]

1. d4 Nf6 2. c4 g6 3. Nc3 Bg7 4. e4 d6 5. Bd3 O-O 6. Nge2 Nc6 7. O-O Nh5 8. Bc2
e5 9. d5 Nd4 10. Nxd4 exd4 11. Ne2 Qf6 12. f3 g5 13. Rb1 c5 14. Qd3 Qg6 15. Qd2
h6 16. g4 Nf4 17. Nxf4 gxf4 18. e5 Qg5 19. exd6 Be5 20. Kh1 Kh8 21. b4 b6 22.
bxc5 bxc5 23. d7 Bxd7 24. Ba3 Bd6 25. Rg1 Rfe8 26. Be4 h5 27. Rb7 Re7 28. gxh5
Qxh5 29. Qg2 Qh6 30. Rxa7 Rae8 31. Ra6 Bh3 32. Qg5 Qxg5 33. Rxg5 f5 34. Bxf5
Re1+ 35. Rg1 Bxf5 36. Rxd6 Rxg1+ 37. Kxg1 d3 38. Bb2+ Kg8 39. Bc3 Re2 40. Rh6
d2 41. Bxd2 Rxd2 42. Rc6 Rxa2 43. Rxc5 Bh3 44. Rc7 Rg2+ 0-1

[Event "Fagernes Chess International"]
[Site "Thon Hotell Fagernes"]
[Date "2016.03.20"]
[Round "9"]
[White "GrÃ¸nnestad, Anita"]
[Black "Dahl, Trygve"]
[Result "0-1"]
[WhiteElo "1957"]
[BlackElo "2201"]
[PlyCount "114"]
[EventDate "2016.??.??"]

1. d4 f5 2. c4 Nf6 3. g3 e6 4. Bg2 d5 5. Nf3 c6 6. O-O Bd6 7. b3 Qe7 8. a4 a5
9. Ba3 Bxa3 10. Nxa3 b6 11. Ne5 Bb7 12. cxd5 exd5 13. Nc2 O-O 14. Ne3 Ne4 15.
Rc1 Qb4 16. Bh3 g6 17. Bg2 Rf6 18. Bxe4 dxe4 19. d5 Rd6 20. Rc4 Qa3 21. Qb1 Rf6
22. dxc6 Nxc6 23. Nd7 Rf7 24. Nxb6 Raf8 25. Nbd5 Ne5 26. Rc7 Rxc7 27. Nxc7 f4
28. Nc4 Qe7 29. Nxe5 Qxe5 30. Qc2 e3 31. Qc4+ Kh8 32. Ne6 fxg3 33. f3 gxh2+ 34.
Kh1 Rf6 35. Qc7 Qxc7 36. Nxc7 Rc6 37. Nd5 Rc2 38. Nxe3 Rxe2 39. Ng4 Rb2 40. Ne5
Rxb3 41. Kxh2 Ra3 42. Kg3 Rxa4 43. Rd1 Rb4 44. Rd7 a4 45. Nf7+ Kg8 46. Ng5 a3
47. Nxh7 Rb6 48. Nf6+ Rxf6 49. Rxb7 Ra6 50. Rb1 a2 51. Ra1 Kf7 52. Kf4 Kf6 53.
Ke4 Ra4+ 54. Ke3 Kf5 55. Ke2 Kf4 56. Kf2 Ra3 57. Ke2 g5 0-1

[Event "Fagernes Chess International"]
[Site "Thon Hotell Fagernes"]
[Date "2016.03.20"]
[Round "9"]
[White "Bjerke, Richard"]
[Black "KjÃ¸lberg, Jens Hjorth"]
[Result "1-0"]
[WhiteElo "2109"]
[BlackElo "2164"]
[PlyCount "139"]
[EventDate "2016.??.??"]

1. d4 Nf6 2. c4 e6 3. Nf3 d5 4. g3 Bb4+ 5. Bd2 Bd6 6. Bg2 O-O 7. Qc2 c6 8. O-O
Nbd7 9. Rd1 Ne4 10. Be1 f5 11. Nc3 Qe7 12. Rac1 Rb8 13. a4 b6 14. b3 Bb7 15. e3
a5 16. Ne2 Rfc8 17. Nf4 g5 18. Nd3 g4 19. Nd2 Ng5 20. Nf4 Nf6 21. h4 gxh3 22.
Nxh3 Nxh3+ 23. Bxh3 c5 24. Qd3 Rd8 25. Qe2 Qg7 26. Nf3 Ne4 27. dxc5 Bxc5 28.
Nd4 Bxd4 29. Rxd4 dxc4 30. Rxd8+ Rxd8 31. Qxc4 Bd5 32. Qb5 Ng5 33. Bg2 Bxg2 34.
Kxg2 Qb7+ 35. Qc6 Rd7 36. Qxb7 Rxb7 37. Rc6 Kf7 38. f3 Ke7 39. Rc8 Nf7 40. b4
axb4 41. Bxb4+ Kd7 42. Rg8 Kc6 43. g4 Kd5 44. gxf5 exf5 45. Rc8 Ra7 46. a5 bxa5
47. Rc5+ Ke6 48. Bxa5 Rd7 49. Bc3 Rd5 50. Rc8 Rd8 51. Rc6+ Rd6 52. Rc4 h6 53.
Bd4 Ra6 54. Kg3 Rd6 55. Kf4 Rd5 56. Rc6+ Ke7 57. Bg7 h5 58. Bf6+ Kd7 59. Ra6
Rb5 60. Ra7+ Ke8 61. Bd4 Rd5 62. Ra6 Ke7 63. Bf6+ Kd7 64. Ra7+ Ke6 65. Bh4 Ne5
66. Re7+ Kd6 67. Rg7 Nd3+ 68. Kg3 Re5 69. Bg5 Ne1 70. Bf4 1-0

[Event "Fagernes Chess International"]
[Site "Thon Hotell Fagernes"]
[Date "2016.03.20"]
[Round "9"]
[White "LÃ¸bersli, Henrik Ã~ie"]
[Black "Machlik, Monika"]
[Result "1/2-1/2"]
[WhiteElo "2134"]
[BlackElo "2055"]
[PlyCount "115"]
[EventDate "2016.??.??"]

1. d4 Nf6 2. c4 e6 3. g3 Bb4+ 4. Bd2 a5 5. Bg2 d6 6. e4 e5 7. Ne2 Nc6 8. d5 Ne7
9. O-O O-O 10. Nbc3 c6 11. a3 Bc5 12. Na4 Ba7 13. Qe1 b5 14. cxb5 cxb5 15. Nac3
Ba6 16. Nd1 Bb6 17. Be3 Nd7 18. b4 a4 19. Qd2 Rc8 20. Bxb6 Nxb6 21. Ne3 Qd7 22.
Rac1 h6 23. Rxc8 Rxc8 24. Rc1 Rc7 25. Rxc7 Qxc7 26. Nc3 Na8 27. Bf1 Qb6 28. Bd3
Nc7 29. Qe2 Kf8 30. Kg2 Qd4 31. Qd2 Bc8 32. Nc2 Qb6 33. Qe3 Qxe3 34. Nxe3 Bd7
35. f4 f6 36. f5 Kf7 37. h4 Nc8 38. g4 Ne7 39. Kg3 Nc8 40. Nc2 Nb6 41. Ne3 Nc8
42. Ncd1 Ne7 43. Nf2 Nc8 44. Nh3 Ne7 45. Ng1 Nc8 46. Nf3 Ne7 47. Be2 Ng8 48. g5
Kf8 49. Bd3 Be8 50. Ng4 Bd7 51. gxh6 gxh6 52. Nd2 h5 53. Ne3 Ne7 54. Kf2 Be8
55. Ndf1 Kg7 56. Ng3 Nc8 57. Be2 Kh6 58. Ke1 1/2-1/2

[Event "Fagernes Chess International"]
[Site "Thon Hotell Fagernes"]
[Date "2016.03.20"]
[Round "9"]
[White "Ranaldi, Lucas"]
[Black "Pettersen, Joar Gullestad"]
[Result "1/2-1/2"]
[WhiteElo "2132"]
[BlackElo "2062"]
[PlyCount "76"]
[EventDate "2016.??.??"]

1. d4 e6 2. c4 Nf6 3. Nc3 d5 4. cxd5 exd5 5. Bg5 c6 6. Qc2 h6 7. Bh4 Be7 8. e3
Nh5 9. Bxe7 Qxe7 10. Nf3 Be6 11. Bd3 Nf6 12. O-O Nbd7 13. Rab1 O-O 14. b4 Rfc8
15. Rfc1 a6 16. a4 b5 17. a5 Ne8 18. e4 Nd6 19. Re1 Qf8 20. Nd2 Nc4 21. Nxc4
bxc4 22. Be2 Rab8 23. Qb2 Rb7 24. Bf3 Nf6 25. e5 Nd7 26. Qa3 Rcb8 27. Na2 c5
28. dxc5 Nxc5 29. Rbd1 Nd3 30. Rxd3 cxd3 31. Qxd3 Rb5 32. Qd4 Rc8 33. Be2 Rbb8
34. Bxa6 Rc2 35. Re2 Rxe2 36. Bxe2 Qc8 37. Bd3 Qc7 38. h3 Qd7 1/2-1/2

[Event "Fagernes Chess International"]
[Site "Thon Hotell Fagernes"]
[Date "2016.03.20"]
[Round "9"]
[White "HÃ¸lleland, Sigve"]
[Black "Machlik, Edit"]
[Result "1-0"]
[WhiteElo "2107"]
[BlackElo "2056"]
[PlyCount "35"]
[EventDate "2016.??.??"]

1. d4 Nf6 2. c4 e6 3. Nf3 Bb4+ 4. Nbd2 d6 5. e3 O-O 6. Bd3 Nc6 7. O-O e5 8. Ne4
Ba5 9. a3 exd4 10. exd4 Bb6 11. Nxf6+ gxf6 12. Nh4 Nxd4 13. Qh5 f5 14. Bh6 Re8
15. Rae1 Bd7 16. Rxe8+ Bxe8 17. Nxf5 Nxf5 18. Qxf5 1-0